• Calvo González-Regueral, Fernando,

di Personal Name

Records bibliografici associati: 1

001 - CONTROL NUMBER

  • control field: 72310

003 - CONTROL NUMBER IDENTIFIER

  • control field: IT-RoINE

005 - DATE AND TIME OF LATEST TRANSACTION

  • control field: 20240222163916.0

008 - FIXED-LENGTH DATA ELEMENTS

  • fixed length control field: 240222|| aca||aabn | a|a d

040 ## - CATALOGING SOURCE

  • Original cataloging agency: IT-RoINE
  • Transcribing agency: IT-RoINE

100 1# - HEADING--PERSONAL NAME

  • Personal name: Calvo González-Regueral, Fernando,
  • Dates associated with a name: 1971-

400 1# - SEE FROM TRACING--PERSONAL NAME

  • Personal name: Calvo González Regueral, Fernando,
  • Dates associated with a name: 1971-

400 1# - SEE FROM TRACING--PERSONAL NAME

  • Personal name: Calvo, Fernando‏,
  • Dates associated with a name: 1971-

400 1# - SEE FROM TRACING--PERSONAL NAME

  • Personal name: Calvo G.-Regueral, Fernando‏,
  • Dates associated with a name: 1971-

670 ## - SOURCE DATA FOUND

  • Source citation: Work cat.: (IT-RoINE)37506: Calvo González-Regueral, Fernando, 1971-, La Guerra Civil :, 2022.